Pooling good practice (Record no. 73416)
[ view plain ]
| 000 -LEADER | |
|---|---|
| fixed length control field | 01014cam a2200205 4500 |
| 001 - CONTROL NUMBER | |
| control field | ABS67066 |
| 008 - FIXED-LENGTH DATA ELEMENTS--GENERAL INFORMATION | |
| fixed length control field | 030917n2003 000 0 eng u |
| 035 ## - SYSTEM CONTROL NUMBER | |
| System control number | (Sirsi) u123635 |
| 100 ## - MAIN ENTRY--PERSONAL NAME | |
| Personal name | Baker, B. |
| 245 ## - TITLE STATEMENT | |
| Title | Pooling good practice |
| 260 ## - PUBLICATION, DISTRIBUTION, ETC. | |
| Date of publication, distribution, etc. | 2003 |
| 490 ## - SERIES STATEMENT | |
| Series statement | Surveyor |
| Volume/sequential designation | 190(5744) 28 August 2003,13-14(2) |
| 520 ## - SUMMARY, ETC. | |
| Summary, etc. | Looks at the forthcoming government code of practice on sustainable drainage systems (SUDS), which is due at the end of 2003. It is intended to address issues such as maintenance, funding, discharge consents, legal issues and nationally agreed adoption procedures. Discusses whether it can solve the problems of sustainable drainage, identifying that the planning system will be important for its implementation. Highlights the problem of funding as a major obstacle. |
| 590 ## - LOCAL NOTE (RLIN) | |
| Local note | ABS |
| 650 ## - SUBJECT ADDED ENTRY--TOPICAL TERM | |
| Topical term or geographic name entry element | SUSTAINABLE URBAN DRAINAGE SYSTEMS |
| 650 ## - SUBJECT ADDED ENTRY--TOPICAL TERM | |
| Topical term or geographic name entry element | DRAINAGE |
| 650 ## - SUBJECT ADDED ENTRY--TOPICAL TERM | |
| Topical term or geographic name entry element | URBAN ENVIRONMENT |
| 690 ## - LOCAL SUBJECT ADDED ENTRY--TOPICAL TERM (OCLC, RLIN) | |
| Topical term or geographic name as entry element | ENVIRONMENTAL AND LAND CONSULTANCY-ENVIRONMENTAL MANAGEMENT |
| 942 ## - ADDED ENTRY ELEMENTS (KOHA) | |
| Suppress in OPAC | 0 |
| Withdrawn status | Lost status | Source of classification or shelving scheme | Damaged status | Not for loan | Home library | Current library | Shelving location | Date acquired | Total Checkouts | Full call number | Barcode | Date last seen | Copy number | Price effective from | Koha item type |
|---|---|---|---|---|---|---|---|---|---|---|---|---|---|---|---|
| Dewey Decimal Classification | London | London | Journal article | 17/09/2003 | ABS67066 | 123635-1001 | 06/08/2019 | 1 | 06/08/2019 | Journal article |